| 000 | 00427nam a22001811a 4500 | ||
|---|---|---|---|
| 001 | 6727 | ||
| 003 | OSt | ||
| 005 | 20260204212101.0 | ||
| 008 | 060630s1981||||sp ||||||b||||||||||spa|| | ||
| 020 | _a8402083498 | ||
| 050 | _a843.8 F617t | ||
| 100 | _aFlaubert, Gustane | ||
| 245 | _aTres cuentos / Gustane Flaubert | ||
| 264 | _aEspaña : Club Bruguera | ||
| 300 | _a122 p | ||
| 650 | _aCuentos FrancesesÌ | ||
| 942 |
_2ddc _cBK |
||
| 999 |
_c6727 _d6727 |
||